000 00833cam a2200205 4500
001 WB3705-19
008 000000n2001 000 0 eng u
035 _a(Sirsi) u110645
245 _aQuiet time for housing
260 _c2001
490 _aRICS Press Release
_v(009) 25 January 2001, (3)
520 _aThe latest RICS Housing Market Survey for the three months to December 2000 indicates that the market in England and Wales has remained virtually unchanged since November 2000. However, chartered surveyor estate agents remain confident about the market in the forthcoming months, with 32% expecting rises.
590 _aWB
650 _aRICS SURVEY
650 _aHOUSE PRICES
650 _aFORECASTS
650 _aHOUSING MARKET
690 _aPROPERTY-RESIDENTIAL PROPERTY-RESIDENTIAL PROPERTY MARKET
942 _n0
999 _c65929
_d65929